书目信息 |
| 题名: |
2007国际先进纤维和聚合物会议论文集
|
|
| 作者: | ;东华大学 编 | |
| 分册: | II | |
| 出版信息: | 北京 化学工业出版社 2007.10 |
|
| 页数: | 490-1025页 | |
| 开本: | 30cm | |
| 丛书名: | ||
| 单 册: | ||
| 中图分类: | TQ34-53 | |
| 科图分类: | ||
| 主题词: | 化学纤维--hua xue xian wei--国际学术会议--文集 , 高聚物--gao ju wu--国际学术会议--文集 | |
| 电子资源: | ||
| ISBN: | 978-7-122-01223-4 | |
| 000 | 01102nam0 2200265 450 | |
| 001 | 012007254969 | |
| 005 | 20071205083532.06 | |
| 010 | @a978-7-122-01223-4@dCNY149.00 | |
| 100 | @a20071204d2007 km y0chi0120 ea | |
| 101 | 0 | @aeng |
| 102 | @aCN@b110000 | |
| 105 | @ay a 000yy | |
| 106 | @ar | |
| 200 | 1 | @a2007国际先进纤维和聚合物会议论文集@A2007 guo ji xian jin xian wei he ju he wu hui yi lun wen ji@d= Proceedimngs of 2007 international conference on advanced fibers and polymer materials@hII@f东华大学编@Fdong hua da xue bian@zeng |
| 210 | @a北京@c化学工业出版社@d2007.10 | |
| 215 | @a490-1025页@d30cm | |
| 320 | @a有书目 | |
| 330 | @a本书是2007年国际先进纤维和高聚合物会议论文集,是一本翻译作品,讲述了化学纤维,高聚物等。 | |
| 510 | 1 | @aProceedimngs of 2007 international conference on advanced fibers and polymer materials@zeng |
| 606 | 0 | @a化学纤维@Ahua xue xian wei@x国际学术会议@j文集 |
| 606 | 0 | @a高聚物@Agao ju wu@x国际学术会议@j文集 |
| 690 | @aTQ34-53@v4 | |
| 711 | 02 | @a东华大学@Adong hua da xue@4编 |
| 801 | 0 | @aCN@bQSSK@c20071205 |
| 905 | @b269907@dTQ34-53@eD660:2@f1 | |
| 2007国际先进纤维和聚合物会议论文集= Proceedimngs of 2007 international conference on advanced fibers and polymer materials.II/东华大学编.-北京:化学工业出版社,2007.10 |
| 490-1025页;30cm |
| ISBN 978-7-122-01223-4:CNY149.00 |
| 本书是2007年国际先进纤维和高聚合物会议论文集,是一本翻译作品,讲述了化学纤维,高聚物等。 |
| ● |
| 相关链接 |
|
|
|
正题名:2007国际先进纤维和聚合物会议论文集
索取号:TQ34-53/D660:2
 
预约/预借
| 序号 | 登录号 | 条形码 | 馆藏地/架位号 | 状态 | 备注 |
| 1 | 269907 | 202699071 | 自科库501/501自科库 39排2列2层/ [索取号:TQ34-53/D660:2] | 在馆 |